ბათუმის შოთა რუსთაველის სახელმწიფო უნივერსიტეტის ბიბლიოთეკა

Philosophy in global change : (ბიბ.ჩანაწერი № 50330)

000 -LEADER
fixed length control field 00647nam a2200205Ia 4500
001 - CONTROL NUMBER
control field 17271
003 - CONTROL NUMBER IDENTIFIER
control field GE_BSU
005 - DATE AND TIME OF LATEST TRANSACTION
control field 20200210143215.0
008 - FIXED-LENGTH DATA ELEMENTS--GENERAL INFORMATION
fixed length control field 181216sen 2011xx |||||||||||||| ||eng||
010 ## - LIBRARY OF CONGRESS CONTROL NUMBER
LC control number 9789941416880
040 ## - CATALOGING SOURCE
Transcribing agency GE_BSU
080 ## - UNIVERSAL DECIMAL CLASSIFICATION NUMBER
Universal Decimal Classification number 1+316+070 P-57
245 ## - TITLE STATEMENT
Title Philosophy in global change :
Remainder of title jubilee volume dedicated to the 65th anniversary of burkhard mojsisch /
Statement of responsibility, etc. edited by: Tengiz Iremadze
264 ## - PRODUCTION, PUBLICATION, DISTRIBUTION, MANUFACTURE, AND COPYRIGHT NOTICE
Place of production, publication, distribution, manufacture Tbilissi :
Name of producer, publisher, distributor, manufacturer nekeri,
Date of production, publication, distribution, manufacture, or copyright notice 2011.
300 ## - PHYSICAL DESCRIPTION
Extent 434 p.
Dimensions 20 cm
653 ## - INDEX TERM--UNCONTROLLED
keyword Philosophy
653 ## - INDEX TERM--UNCONTROLLED
keyword ფილოსოფია.
700 ## - ADDED ENTRY--PERSONAL NAME
Personal name Iremadze, Tengiz
Relator term რედაქტორი
9 (RLIN) 6933
942 ## - ADDED ENTRY ELEMENTS (KOHA)
Koha item type წიგნი
Source of classification or shelving scheme
ეგზემპლარები
Withdrawn status Lost status Source of classification or shelving scheme Damaged status Not for loan Permanent Location Current Location Shelving location Date acquired Full call number Barcode Date last seen Copy number Price effective from Koha item type
          ბათუმის შოთა რუსთაველის სახელმწიფო უნივერსიტეტის მთავარი ბიბლიოთეკა ბათუმის შოთა რუსთაველის სახელმწიფო უნივერსიტეტის მთავარი ბიბლიოთეკა წიგნსაცავი 2018-12-17 1+316+070 P-57 45360 2018-12-17 45360 2018-12-17 წიგნი